Mis noches en el Ideal Room /
I tiakina i:
| Kaituhi matua: | |
|---|---|
| Hōputu: | Pukapuka |
| Reo: | Pāniora |
| I whakaputaina: |
Madrid, España :
Egales,
2017, c2016
|
| Putanga: | 2a edición |
| Rangatū: | (Narrativa Egales ;
232) |
| Ngā marau: | |
| Ngā Tūtohu: |
Kāore He Tūtohu, Me noho koe te mea tuatahi ki te tūtohu i tēnei pūkete!
|
MARC
| LEADER | 00000nam^a2200000^a^4500 | ||
|---|---|---|---|
| 001 | 000421970 | ||
| 005 | 20250521000000.0 | ||
| 009 | 20260310122550.072 | ||
| 020 | |a 978-84-16491-40-7 | ||
| 037 | |a Acervo ITESO - Biblioteca | ||
| 041 | |a ESP | ||
| 082 | |a 863. |b MAR | ||
| 100 | |a Martínez, Mila |e (autor) | ||
| 245 | 1 | 0 | |a Mis noches en el Ideal Room / |c M. Martínez. |
| 250 | |a 2a edición | ||
| 264 | 4 | |a Madrid, España : |b Egales, |c 2017, c2016 | |
| 300 | |a 267 p. | ||
| 336 | |a texto |b txt |2 rdacontenido | ||
| 337 | |a sin mediación |b n |2 rdamedio | ||
| 338 | |a volumen |b nc |2 rdasoporte | ||
| 440 | 1 | |a (Narrativa Egales ; |v 232) | |
| 521 | |a FIL 2019 DIA | ||
| 545 | 0 | |a La valenciana Mila Martínez (1962) se formó como abogada, pero es conocida por su faceta como escritora. Es autora principalmente de novelas y de un blog donde continúa las aventuras de sus personajes literarios. Perteneciente al ámbito LGTB ella misma, la temática está presente en varios textos suyos, principalmente en caracteres femeninos que le permiten construir intrigas dinámicas, combinadas con el romance, frescas y llenas de humor; otros temas que ha abordado son el destino y sus casualidades, la libertad, la sexualidad gratificante sin tabúes, el amor, la amistad, muchas veces enmarcados en su ciudad natal. Ha demostrado versatilidad y dominio de varios géneros; sus diferentes obras van del thriller, a lo fantástico, lo sobrenatural y la utopía; también la historia está presente en su novela en homenaje a los valencianos de la retaguardia en la Guerra Civil y al trabajo fotográfico de Gerda Taro. Sus primeras cuatro novelas están fuertemente relacionadas entre sí: No voy a disculparme (2009), Tras la pared (2010), Autorretrato con mar al fondo (2011), La daga fenicia (2013); después ha publicado Mis noches en el Ideal Room y La Esencia (Premio Fundación Arena de narrativa LGTBQ. | |
| 649 | |a XX | ||
| 650 | |a Mujeres en la Literatura | ||
| 650 | |a Fotógrafos en la Literatura | ||
| 650 | |a Fotoperiodismo - |z España - |x Historia - |y Guerra Civil, 1936-1939 | ||
| 650 | |a Fotografía y Sociedad - |z España | ||
| 650 | |a Valencia, España - |x Historia - |y Guerra Civil, 1936-1939 | ||
| 650 | |a España - |x Historia - |y Guerra Civil, 1936-1939 | ||
| 650 | |a Novela Española | ||
| 650 | |a Literatura Española - |y Siglo XXI | ||
| 650 | |a Literatura Gay y Lésbica - |z España | ||
| 650 | |a Literatura de Mujeres - |z España | ||
| 650 | |a Literatura y Política - |z España | ||
| 650 | |a Literatura y Sociedad - |z España | ||
| 650 | |a Taro, Gerda - |x Tema Principal | ||
| 910 | |a Fondo General | ||
| 920 | |a Impresos - Libros | ||
| 930 | |a Colección General | ||
| 940 | |a Literatura | ||
| 905 | |a 101 | ||
| 901 | |a 0500336215 |b IT1 |c LIT |i C168749 |u 20250521 | ||
| 902 | |a https://opac.biblio.iteso.mx/vufind/Record/000421970 | ||